000 00352nam a2200145Ia 4500
008 230711s9999||||xx |||||||||||||| ||und||
041 _aENG
082 _a720
_bRO-R
100 _aRoyal,Designers
245 0 _aRoyal designers on design
250 _a1st
260 _c1986
_aNew Delhi
_bNew Delhi ISTE Publication
650 _aArchitecture
942 _cBK
999 _c441
_d441